| 000 | 01057cam a2200265 4500 | ||
|---|---|---|---|
| 008 | 090401t1995 xxu||||| |||| 00| 0 eng d | ||
| 020 | _a0421374306 | ||
| 035 | _a(Sirsi) u4060 | ||
| 041 | _aeng | ||
| 050 | _a346.410434 | ||
| 100 | _aDowding, Nicholas | ||
| 245 | _aDilapidations: the modern law and practice. | ||
| 260 |
_aLondon _bSweet and Maxwell _c1995 |
||
| 300 | _alxxxi,939p. ; 25cm. | ||
| 350 | _a105 | ||
| 520 | _aUPDATED BY FIRST SUPPLEMENT (ISBN 0421562609). Concentrates on the contractual position of the parties under repairing covenants and includes discussion and examples of modern commercial building techniques as well as more conventional construction. Includes a chapter on the tax aspects of dilapidations by John Watson and an appendix with a number of forms and precedents. | ||
| 650 |
_aDilapidations _96235 |
||
| 650 | _aLANDLORD AND TENANT LAW | ||
| 650 | _aLEASES | ||
| 650 | _aREPAIRING COVENANTS | ||
| 690 | _aPROPERTY-LANDLORD AND TENANT | ||
| 700 | _aReynolds, Kirk | ||
| 942 | _n0 | ||
| 948 | _c04/03/1997 | ||
| 999 |
_c85989 _d85989 |
||